[Event "Challenge"]
[Site "http://www.queenalice.com/game.php?id=1105555"]
[Date "2012.9.23"]
[Round "-"]
[White "lincolnmarley"]
[Black "gme59"]
[Result "1-0"]
[WhiteElo "1605"]
[BlackElo "1081"]

1. d4 f5 2. c4 Nf6 3. Nc3 d6 4. Bg5 e5 5. dxe5 dxe5 6. Qxd8+ Kxd8 7. O-O-O+ Bd7
8. Nf3 Nc6 9. e4 Nd4 10. Nxd4 exd4 11. Rxd4 Bd6 12. f4 c6 13. Rxd6 Rf8 14. e5
Re8 15. exf6 Re1+ 16. Kd2 Ra1 17. fxg7+ Kc7 18. Rf6 Rg8 19. Bh6 Rxg7 20. Bxg7 h5
21. g3 Kb6 22. Bg2 Rxh1 23. Bxh1 1-0

[Event "AUTO-OPEN-2798"]
[Site "http://www.queenalice.com/game.php?id=1105773"]
[Date "2012.9.23"]
[Round "1"]
[White "renatosena2003"]
[Black "gme59"]
[Result "1-0"]
[WhiteElo "2177"]
[BlackElo "1077"]

1. d4 Nf6 2. c4 g6 3. Nf3 Bg7 4. Nc3 O-O 5. e4 d6 6. Be2 Re8 7. O-O Bd7 8. b3 e5
9. d5 c6 10. Bg5 h6 11. Be3 Ng4 12. Bd2 h5 13. b4 f5 14. c5 h4 15. cxd6 fxe4 16.
Nxe4 h3 17. dxc6 hxg2 18. cxb7 Nc6 19. Bc4+ Kh7 20. Nfg5+ 1-0

[Event "AUTO-OPEN-2798"]
[Site "http://www.queenalice.com/game.php?id=1105774"]
[Date "2012.9.23"]
[Round "1"]
[White "gme59"]
[Black "renatosena2003"]
[Result "1-0"]
[WhiteElo "1246"]
[BlackElo "2120"]

1. Nf3 Nc6 2. g3 e5 3. d3 Nf6 4. Bg2 d5 5. O-O Be7 6. e3 Bg4 7. Nc3 O-O 8. h3
Bh5 9. e4 dxe4 10. dxe4 Qxd1 11. Rxd1 Bxf3 12. Bxf3 Nd4 13. Be2 Nxc2 14. Rb1
Rad8 15. Rxd8 Rxd8 16. Be3 Nxe3 17. fxe3 Rd2 18. Kf2 Bb4 19. Rd1 Bxc3 20. bxc3
Rxd1 21. Bxd1 Nxe4+ 22. Kf3 Nxc3 23. Bb3 a5 24. Kg4 b5 25. Kf5 a4 26. Bc2 Nxa2
27. Kxe5 Nb4 28. Be4 1-0

[Event "AUTO-OPEN-2798"]
[Site "http://www.queenalice.com/game.php?id=1105793"]
[Date "2012.9.23"]
[Round "1"]
[White "Aspayne"]
[Black "gme59"]
[Result "1-0"]
[WhiteElo "1543"]
[BlackElo "1069"]

1. e4 d5 2. exd5 Nf6 3. c4 e6 4. dxe6 Bxe6 5. d4 c6 6. Nc3 Bb4 7. Nf3 Nbd7 8.
Be2 O-O 9. O-O Bxc3 10. bxc3 Re8 11. Qc2 Rb8 12. Bg5 h6 13. Bh4 g5 14. Bg3 Rc8
15. h4 c5 16. d5 Bg4 17. hxg5 Bxf3 18. Bxf3 hxg5 19. Qf5 Nh7 20. d6 Qf6 21. Qxd7
Qd8 22. Qxd8 Rexd8 23. Rae1 Kg7 24. Re7 Re8 25. d7 1-0

[Event "AUTO-OPEN-2798"]
[Site "http://www.queenalice.com/game.php?id=1105794"]
[Date "2012.9.23"]
[Round "1"]
[White "gme59"]
[Black "Aspayne"]
[Result "0-1"]
[WhiteElo "1067"]
[BlackElo "1545"]

1. Nf3 d5 2. g3 c5 3. Bg2 Nc6 4. O-O Nf6 5. d3 e5 6. Bg5 Be7 7. Bxf6 Bxf6 8.
Nbd2 O-O 9. e3 Be6 10. e4 Qc7 11. exd5 Bxd5 12. Re1 Bxf3 13. Bxf3 Nd4 14. c3
Nxf3+ 15. Nxf3 Rad8 16. Qc2 g5 17. Nd2 Bg7 18. Nf3 g4 19. Ng5 Qe7 20. Ne4 f5 21.
Nd2 Rd6 22. Re2 Qe8 23. Rae1 Qh5 24. Nc4 Rh6 25. f4 exf4 26. Qa4 fxg3 27. Re8
Qxh2+ 28. Kf1 Qf2# 0-1

[Event "AUTO-OPEN-2798"]
[Site "http://www.queenalice.com/game.php?id=1105803"]
[Date "2012.9.23"]
[Round "1"]
[White "DORLISS"]
[Black "gme59"]
[Result "1-0"]
[WhiteElo "1782"]
[BlackElo "1065"]

1. e4 d5 2. exd5 Nf6 3. Nf3 Nxd5 4. Bc4 e6 5. O-O Bd6 6. Bxd5 exd5 7. Re1+ Be6
8. d4 O-O 9. Nc3 Nc6 10. Nb5 Bg4 11. h3 Bxf3 12. Qxf3 Qd7 13. c3 a6 14. Nxd6
Qxd6 15. Bf4 Qf6 16. Qg3 Rae8 17. Bxc7 Rxe1+ 18. Rxe1 h5 19. Bd6 Re8 20. Rxe8+
Kh7 21. Qd3+ g6 22. Be5 1-0

[Event "AUTO-OPEN-2798"]
[Site "http://www.queenalice.com/game.php?id=1105804"]
[Date "2012.9.23"]
[Round "1"]
[White "gme59"]
[Black "DORLISS"]
[Result "0-1"]
[WhiteElo "1083"]
[BlackElo "1748"]

1. Nf3 d5 2. g3 Bg4 3. Bg2 Nd7 4. O-O e5 5. d4 e4 6. Nfd2 Nb6 7. f3 exf3 8. exf3
Bf5 9. Re1+ Ne7 10. Nc3 g6 11. a4 c6 12. b3 Bg7 13. Ne2 O-O 14. Nf4 Bxd4+ 15.
Kh1 Bxa1 16. Ba3 Bf6 17. g4 Be6 18. Nxe6 fxe6 19. Rxe6 Qd7 20. Qe1 Rae8 21. Rd6
Qc7 22. h4 Nf5 23. Qf2 Nxd6 24. c4 dxc4 25. bxc4 Nbxc4 26. Bxd6 Nxd6 27. Qxa7
Re1+ 28. Nf1 Bxh4 29. a5 Nb5 30. Qc5 Qf4 31. Qg1 Nd4 0-1

[Event "AUTO-BEG-556"]
[Site "http://www.queenalice.com/game.php?id=1107179"]
[Date "2012.9.28"]
[Round "1"]
[White "Eddiemasses"]
[Black "gme59"]
[Result "0-1"]
[WhiteElo "1149"]
[BlackElo "1214"]

1. d4 f5 2. Bg5 Nf6 3. f4 e6 4. Nf3 Be7 5. c4 Ne4 6. g3 Nxg5 7. h4 Nxf3+ 8. exf3
O-O 9. Nc3 Bb4 10. a3 Bxc3+ 11. bxc3 Qe8 0-1

[Event "AUTO-BEG-556"]
[Site "http://www.queenalice.com/game.php?id=1107180"]
[Date "2012.9.28"]
[Round "1"]
[White "gme59"]
[Black "Eddiemasses"]
[Result "1-0"]
[WhiteElo "1227"]
[BlackElo "1136"]

1. Nf3 d6 2. g3 Nc6 3. Bg2 Nf6 4. O-O e5 5. d3 Bg4 6. Bg5 h6 7. Bxf6 Qxf6 8.
Nbd2 O-O-O 9. e3 g5 10. Ne4 Qe6 11. c3 Bh3 12. Qb3 1-0

[Event "AUTO-BEG-556"]
[Site "http://www.queenalice.com/game.php?id=1107201"]
[Date "2012.9.28"]
[Round "1"]
[White "dlabedz"]
[Black "gme59"]
[Result "1-0"]
[WhiteElo "1344"]
[BlackElo "1135"]

1. d4 f5 2. d5 Nf6 3. c4 e6 4. Nc3 Bb4 5. Bd2 O-O 6. a3 Bxc3 7. Bxc3 Ne4 8. Bd4
Qh4 9. g3 Qg4 10. f3 Qh5 11. fxe4 f4 12. Qd3 fxg3 13. Qxg3 Rf7 14. Nf3 exd5 15.
cxd5 d6 16. O-O-O Bg4 17. Rd3 Nd7 18. Bg2 Ne5 19. Nxe5 Qg5+ 20. Be3 Rf1+ 21.
Rxf1 Qxe5 22. Bf4 Qg5 23. Bxg5 1-0

[Event "AUTO-BEG-556"]
[Site "http://www.queenalice.com/game.php?id=1107202"]
[Date "2012.9.28"]
[Round "1"]
[White "gme59"]
[Black "dlabedz"]
[Result "1-0"]
[WhiteElo "1138"]
[BlackElo "1369"]

1. Nf3 f6 2. g3 b6 3. Bg2 Bb7 4. O-O Nc6 5. d3 g5 6. Nc3 d5 7. a3 Qd7 8. b4 a6
9. e4 dxe4 10. Nxe4 Nd4 11. Nxd4 Qxd4 12. Be3 Qe5 13. d4 Bxe4 14. Bxe4 Qxe4 15.
Re1 Rd8 16. Qe2 h5 17. Qxa6 Ra8 18. Qe2 e6 19. Bd2 Qf5 20. Qxe6+ Qxe6 21. Rxe6+
Kd7 22. Rae1 Rxa3 23. d5 h4 24. Re8 Ne7 25. Rb8 Ra2 26. b5 Rxc2 27. Bb4 Rb2 28.
Bxe7 hxg3 29. Rd8# 1-0

[Event "AUTO-BEG-557"]
[Site "http://www.queenalice.com/game.php?id=1109210"]
[Date "2012.10.4"]
[Round "1"]
[White "elson09"]
[Black "gme59"]
[Result "0-1"]
[WhiteElo "1268"]
[BlackElo "1116"]

1. e4 d5 2. Nc3 dxe4 3. Nxe4 f5 4. Qh5+ g6 5. Qf3 fxe4 6. Qxe4 c6 7. b3 Bf5 8.
Qe5 Nf6 9. Bd3 Bxd3 10. cxd3 Qxd3 11. Ne2 Nbd7 12. Qa5 Ne4 13. Qc7 Nxf2 14. Qxb7
Rb8 15. Qxa7 Nxh1 16. Bb2 e5 17. Bxe5 Qf5 18. Bxh8 Qf2+ 19. Kd1 Qxa7 20. Rc1 Rc8
21. Bd4 Qxa2 22. Nc3 Qxb3+ 23. Ke2 Qc4+ 24. d3 Qe6+ 25. Be3 Bc5 26. Rxh1 Qxe3+
27. Kd1 Qxd3+ 28. Kc1 Qxc3+ 29. Kd1 Qa1+ 30. Kc2 Qxh1 0-1

[Event "AUTO-BEG-557"]
[Site "http://www.queenalice.com/game.php?id=1109211"]
[Date "2012.10.4"]
[Round "1"]
[White "gme59"]
[Black "elson09"]
[Result "0-1"]
[WhiteElo "1127"]
[BlackElo "1257"]

1. Nf3 d5 2. g3 Bg4 3. Bg2 e6 4. O-O f5 5. d4 Nf6 6. Ne5 Qe7 7. Nxg4 fxg4 8. Bg5
Nbd7 9. e4 dxe4 10. Bxe4 O-O-O 11. f3 h6 12. Bxf6 gxf6 13. Qe2 Qb4 14. c3 gxf3
15. Rxf3 Qd6 16. Qb5 Nb6 17. Nd2 a6 18. Qb4 Qxb4 19. cxb4 Bxb4 20. Nb3 f5 21.
Bd3 Nd5 22. Rc1 f4 23. gxf4 Rhg8+ 24. Rg3 Nxf4 25. Rxg8 Rxg8+ 26. Kf2 Nxd3+ 27.
Ke2 Nxc1+ 28. Nxc1 Rg2+ 29. Kd3 Rxh2 30. b3 h5 0-1

[Event "AUTO-BEG-557"]
[Site "http://www.queenalice.com/game.php?id=1109226"]
[Date "2012.10.4"]
[Round "1"]
[White "RLAC"]
[Black "gme59"]
[Result "1-0"]
[WhiteElo "1342"]
[BlackElo "1201"]

1. e4 d5 2. exd5 Nf6 3. Nc3 e6 4. dxe6 Bxe6 5. d3 Bb4 6. Bd2 Bxc3 7. Bxc3 O-O 8.
Be2 Nc6 9. Nf3 Re8 10. O-O Nd7 11. a3 Nc5 12. d4 Ne4 13. Re1 Nxc3 14. bxc3 Na5
15. Qd3 Bc4 16. Qd2 Bxe2 17. Rxe2 Rxe2 18. Qxe2 Qd5 19. Re1 h6 20. Ne5 Re8 21.
Qh5 Re7 22. h3 Nc4 23. f4 Nd2 24. Qe2 f6 25. Qxd2 fxe5 26. Rxe5 Rxe5 27. fxe5
Kf7 28. Qd1 Ke6 29. Qg4+ Ke7 30. Qxg7+ Qf7 31. Qxf7+ Kxf7 32. Kf2 Ke6 33. Ke3
Kd5 34. Kd3 b5 35. g4 c5 36. h4 c4+ 37. Ke3 a5 38. g5 hxg5 39. hxg5 Ke6 40. Ke4
b4 41. cxb4 axb4 42. axb4 1-0

[Event "AUTO-BEG-557"]
[Site "http://www.queenalice.com/game.php?id=1109227"]
[Date "2012.10.4"]
[Round "1"]
[White "gme59"]
[Black "RLAC"]
[Result "0-1"]
[WhiteElo "1181"]
[BlackElo "1297"]

1. Nf3 c6 2. g3 d5 3. Bg2 Bf5 4. O-O Nf6 5. d3 e6 6. Bg5 Be7 7. Bxf6 Bxf6 8. c3
h6 9. Nbd2 O-O 10. Qb3 b6 11. Rac1 c5 12. c4 d4 13. e4 Bh7 14. e5 Be7 15. Rfe1
Nc6 16. Re2 f6 17. Qa4 Nb4 18. Ne4 Nxd3 19. Rcc2 fxe5 20. Nxe5 Nxe5 21. Nf6+
Bxf6 22. Bxa8 Qxa8 23. Rc1 Be4 24. f4 Ng4 25. Qd7 Ne3 26. Qxe6+ Kh8 27. Qh3 Re8
28. Rce1 Bf3 29. Rf2 d3 30. Rxe3 Rxe3 31. Qd7 Bd4 0-1

[Event "AUTO-BEG-557"]
[Site "http://www.queenalice.com/game.php?id=1109238"]
[Date "2012.10.4"]
[Round "1"]
[White "gme59"]
[Black "carolbarrilari"]
[Result "1-0"]
[WhiteElo "1163"]
[BlackElo "1217"]

1. Nf3 Nc6 2. g3 Nf6 3. Bg2 d5 4. O-O Bg4 5. d4 e6 6. Bg5 Bb4 7. Bxf6 Qxf6 8. c3
Bd6 9. Nbd2 O-O 10. Qc2 Rad8 11. e4 a5 12. Rfe1 h5 13. e5 Nxe5 14. dxe5 Bxe5 15.
Nxe5 c5 16. Nxg4 hxg4 17. f3 Qf5 18. Qxf5 exf5 19. Re7 Rb8 20. Rae1 c4 21. fxg4
fxg4 22. Bxd5 Rbd8 23. Bxf7+ Kh7 24. Re8 Rxd2 25. Rxf8 Rd7 26. Bg6+ Kxg6 27.
Re6+ Kg5 28. h4+ Kh5 29. Rf5+ g5 30. Rxg5# 1-0

[Event "AUTO-BEG-557"]
[Site "http://www.queenalice.com/game.php?id=1109239"]
[Date "2012.10.4"]
[Round "1"]
[White "carolbarrilari"]
[Black "gme59"]
[Result "0-1"]
[WhiteElo "1238"]
[BlackElo "1075"]

1. e4 d5 2. Bb5+ Bd7 3. d3 Bxb5 4. Nf3 e6 5. O-O Bd6 6. Nc3 Ba6 7. Be3 Nf6 8.
exd5 exd5 9. a3 O-O 10. Ng5 c6 11. Qe2 Qe7 12. b4 Qe5 13. Qd2 Qxh2# 0-1